Statistics for Risk Board Territories by First Two Letters in 30 Seconds

Click here to take the quiz!

General Stats

  • This quiz has been taken 34 times
  • The average score is 26 of 42

Answers on the Map

Answers color-coded by a green-red scale on the quiz's map according to % correct below.
Loading ...
 

Answer Stats

Continent Place % Correct
EuropeSouthern Europe
94%
EuropeNorthern Europe
94%
AfricaNorth Africa
94%
AfricaSouth Africa
94%
North AmericaNorthwest Territory
94%
North AmericaWestern United States
88%
North AmericaEastern United States
88%
North AmericaGreenland
88%
EuropeWestern Europe
88%
EuropeGreat Britain
88%
OceaniaEastern Australia
88%
OceaniaWestern Australia
88%
AfricaEast Africa
88%
South AmericaBrazil
81%
AsiaIndia
75%
OceaniaIndonesia
75%
North AmericaAlaska
69%
EuropeScandinavia
69%
North AmericaAlberta
69%
AsiaMiddle East
63%
South AmericaArgentina
63%
North AmericaCentral America
56%
South AmericaPeru
56%
AfricaCongo
56%
South AmericaVenezuela
56%
EuropeIceland
56%
AsiaChina
56%
North AmericaOntario
50%
AsiaJapan
50%
AsiaIrkutsk
44%
North AmericaQuebec
44%
AsiaKamchatka
44%
AsiaSiam
44%
AsiaSiberia
44%
AsiaUral
44%
AsiaMongolia
38%
AfricaEgypt
38%
AsiaYakutsk
31%
AfricaMadagascar
31%
AsiaAfghanistan
25%
EuropeUkraine
25%
OceaniaNew Guinea
19%

Score Distribution

Percentile by Number Answered

Percent of People with Each Score

Your Score History

You have not taken this quiz